<?xml version="1.0" encoding="UTF-8"?>
<record
    xmlns:xsi="http://www.w3.org/2001/XMLSchema-instance"
    xsi:schemaLocation="http://www.loc.gov/MARC21/slim http://www.loc.gov/standards/marcxml/schema/MARC21slim.xsd"
    xmlns="http://www.loc.gov/MARC21/slim">

  <leader>00750nam  22002053  4500</leader>
  <controlfield tag="001">202842</controlfield>
  <datafield tag="010" ind1=" " ind2=" ">
    <subfield code="a">obra completa: 978-84-7841-079-8</subfield>
  </datafield>
  <datafield tag="021" ind1=" " ind2=" ">
    <subfield code="b">B-47155-L</subfield>
  </datafield>
  <datafield tag="090" ind1=" " ind2=" ">
    <subfield code="a">202842</subfield>
  </datafield>
  <datafield tag="100" ind1=" " ind2=" ">
    <subfield code="a">20260702d        u||y0pory50      ba</subfield>
  </datafield>
  <datafield tag="200" ind1=" " ind2=" ">
    <subfield code="a">Manual Merck de Veterinaria</subfield>
    <subfield code="f">Editor: Cynthia M. Kahn, B.A., M.A.</subfield>
  </datafield>
  <datafield tag="205" ind1=" " ind2=" ">
    <subfield code="a">6&#xAA;</subfield>
  </datafield>
  <datafield tag="210" ind1=" " ind2=" ">
    <subfield code="a">Barcelona</subfield>
    <subfield code="c">Editorial Ocenao/ Centrum</subfield>
    <subfield code="d">2007</subfield>
  </datafield>
  <datafield tag="215" ind1=" " ind2=" ">
    <subfield code="a">2 vols (2682 p.)</subfield>
    <subfield code="c">encadernado</subfield>
    <subfield code="d">26 cm</subfield>
  </datafield>
  <datafield tag="300" ind1=" " ind2=" ">
    <subfield code="a">Edi&#xE7;&#xE3;o especial do 50&#xBA; anivers&#xE1;rio</subfield>
  </datafield>
  <datafield tag="606" ind1=" " ind2=" ">
    <subfield code="9">10373</subfield>
    <subfield code="a">Veterin&#xE1;ria. Doen&#xE7;as inimigas e pragas de animais dom&#xE9;sticos e &#xFA;teis: controlo e tratamento. Medidas zoot&#xE9;cnicas de protec&#xE7;&#xE3;o</subfield>
    <subfield code="x">Zoologia</subfield>
  </datafield>
  <datafield tag="675" ind1=" " ind2=" ">
    <subfield code="a">636.09</subfield>
    <subfield code="v">ES</subfield>
    <subfield code="z">spa</subfield>
  </datafield>
  <datafield tag="801" ind1=" " ind2=" ">
    <subfield code="a">PT</subfield>
    <subfield code="b">BMMN</subfield>
    <subfield code="g">RPC</subfield>
  </datafield>
  <datafield tag="830" ind1=" " ind2=" ">
    <subfield code="c">Fernando</subfield>
    <subfield code="f">Fernando</subfield>
  </datafield>
  <datafield tag="990" ind1=" " ind2=" ">
    <subfield code="c">LIVROS</subfield>
  </datafield>
  <datafield tag="995" ind1=" " ind2=" ">
    <subfield code="0">0</subfield>
    <subfield code="2">0</subfield>
    <subfield code="5">2026-07-02</subfield>
    <subfield code="9">32654</subfield>
    <subfield code="b">BMMN</subfield>
    <subfield code="f">32364</subfield>
    <subfield code="k">636.09 MAN|DEP (vol. 1)</subfield>
    <subfield code="o">0</subfield>
    <subfield code="r">LIVROS</subfield>
    <subfield code="s">Oferta</subfield>
  </datafield>
  <datafield tag="995" ind1=" " ind2=" ">
    <subfield code="0">0</subfield>
    <subfield code="2">0</subfield>
    <subfield code="5">2026-07-02</subfield>
    <subfield code="9">32655</subfield>
    <subfield code="b">BMMN</subfield>
    <subfield code="f">32365</subfield>
    <subfield code="k">636.09 MAN|DEP (vol. 2</subfield>
    <subfield code="o">0</subfield>
    <subfield code="r">LIVROS</subfield>
    <subfield code="s">Oferta</subfield>
  </datafield>
</record>
